[Event "33. Open Ciudad de San Sebastian"]
[Site "San Sebastián ESP"]
[Date "2010.04.03"]
[Round "8.42"]
[White "Tung, Kai Ming"]
[Black "Orube Bona, Andoni"]
[Result "1-0"]
[WhiteElo "1957"]
[BlackElo "1732"]
[PlyCount "99"]
[EventDate "2010.03.28"]
[EventType "swiss"]
[EventRounds "9"]
[EventCountry "ESP"]
[Source "lmi"]
[SourceDate "2010.03.28"]

1. e4 e5 2. Nf3 Nc6 3. Bc4 Nf6 4. d3 Be7 5. O-O d6 6. h3 h6 7. Nc3 O-O 8. Ne2
Na5 9. Bb3 Nxb3 10. axb3 Nh5 11. g4 Nf6 12. Ng3 Nh7 13. Kh2 Ng5 14. Rg1 g6 15.
Be3 Kh7 16. Nd2 d5 17. Nf3 dxe4 18. Nxg5+ Bxg5 19. Nxe4 Bf4+ 20. Bxf4 exf4 21.
Qf3 f5 22. gxf5 Bxf5 23. Nc3 Qh4 24. Rg2 h5 25. Qxb7 Bxh3 26. Qxc7+ Kh6 27. Ne4
Bxg2+ 28. Kxg2 Qg4+ 29. Kf1 Rac8 30. Qd6 Rfd8 31. Qf6 Qh3+ 32. Kg1 Qg4+ 33. Kf1
f3 34. Rxa7 Rd7 35. Rxd7 Qh3+ 36. Ke1 Qxd7 37. Qf4+ Kg7 38. Kd2 Qc7 39. Qf6+
Kh6 40. c3 Rd8 41. Qxf3 Qe7 42. b4 Qe6 43. Qf4+ Kg7 44. b5 Qd5 45. Qf6+ Kh6 46.
d4 Re8 47. Qf4+ Kg7 48. Nf6 Qxb5 49. Nxe8+ Qxe8 50. Qe5+ 1-0

[Event "33. Open Ciudad de San Sebastian"]
[Site "San Sebastián ESP"]
[Date "2010.04.03"]
[Round "8.43"]
[White "Hernandez Lopez, Daniel"]
[Black "Berdote Alonso, Carlos"]
[Result "1-0"]
[WhiteElo "1955"]
[BlackElo "1443"]
[PlyCount "43"]
[EventDate "2010.03.28"]
[EventType "swiss"]
[EventRounds "9"]
[EventCountry "ESP"]
[Source "lmi"]
[SourceDate "2010.03.28"]

1. e4 e5 2. Nf3 d6 3. d4 exd4 4. Nxd4 Nf6 5. Nc3 Be7 6. Bd3 O-O 7. O-O Nc6 8.
Nxc6 bxc6 9. f4 Re8 10. h3 h6 11. Qf3 Nd7 12. Be3 Bb7 13. Ne2 c5 14. Ng3 Nb6
15. c3 c4 16. Bc2 c5 17. Nf5 Bf6 18. Rad1 Be7 19. Qg4 Bf8 20. Nxh6+ Kh7 21.
Nxf7 Qf6 22. e5+ 1-0

[Event "33. Open Ciudad de San Sebastian"]
[Site "San Sebastián ESP"]
[Date "2010.04.03"]
[Round "8.44"]
[White "Izagirre Alsua, Aritz"]
[Black "Corral Sierra, Javier"]
[Result "1-0"]
[WhiteElo "1820"]
[BlackElo "2123"]
[PlyCount "107"]
[EventDate "2010.03.28"]
[EventType "swiss"]
[EventRounds "9"]
[EventCountry "ESP"]
[Source "lmi"]
[SourceDate "2010.03.28"]

1. e4 c5 2. d3 Nc6 3. g3 g6 4. Bg2 Bg7 5. Nc3 d6 6. f4 e6 7. Nf3 Nge7 8. O-O
O-O 9. Ne2 f5 10. c3 b6 11. Be3 Ba6 12. Qd2 Qd7 13. Rad1 Rae8 14. Rfe1 Kh8 15.
Kh1 e5 16. Nfg1 exf4 17. Bxf4 d5 18. e5 Ng8 19. d4 cxd4 20. cxd4 h6 21. h4 Nd8
22. Nh3 Ne6 23. Be3 Kh7 24. Nef4 Ne7 25. Nxe6 Qxe6 26. Ng1 Qf7 27. Nh3 Bc8 28.
Rc1 Ng8 29. Rc2 Be6 30. Rec1 Rc8 31. Nf4 Rxc2 32. Rxc2 Rd8 33. Rc6 Bc8 34. Rxg6
Qxg6 35. Nxg6 Kxg6 36. Qc2 Be6 37. g4 Rc8 38. Qd3 Ne7 39. h5+ Kf7 40. g5 hxg5
41. Bxg5 Rh8 42. Bf3 Bh6 43. Bh4 Rc8 44. Qa3 Rc1+ 45. Kg2 Rc2+ 46. Kf1 Nc6 47.
Bf2 Bf8 48. Qe3 Nxd4 49. Bd1 Rxb2 50. Qxd4 Rxa2 51. Qh4 Be7 52. Qg3 Bf8 53.
Qg6+ Ke7 54. Qf6+ 1-0

[Event "33. Open Ciudad de San Sebastian"]
[Site "San Sebastián ESP"]
[Date "2010.04.03"]
[Round "8.45"]
[White "Bas Mas, Jose Joaquin"]
[Black "D'amade, Philippe"]
[Result "0-1"]
[WhiteElo "2051"]
[BlackElo "1810"]
[PlyCount "118"]
[EventDate "2010.03.28"]
[EventType "swiss"]
[EventRounds "9"]
[EventCountry "ESP"]
[Source "lmi"]
[SourceDate "2010.03.28"]

1. e4 e6 2. d4 d5 3. Nd2 Nf6 4. e5 Nfd7 5. Bd3 c5 6. c3 Nc6 7. Ne2 cxd4 8. cxd4
f5 9. exf6 Nxf6 10. Nf3 Bd6 11. O-O Qc7 12. Bg5 O-O 13. Bh4 Nh5 14. Qc2 h6 15.
Bh7+ Kh8 16. Bg6 Nf4 17. Nxf4 Bxf4 18. Bg3 Qb6 19. Rad1 Bd7 20. Bxf4 Rxf4 21.
Qd2 Raf8 22. Qe3 e5 23. dxe5 d4 24. Qb3 Qxb3 25. axb3 Bg4 26. Rfe1 Bxf3 27.
gxf3 Rxf3 28. Be4 Nxe5 29. Bxb7 Rxb3 30. Rxe5 Rxb7 31. Re2 Rb4 32. Red2 a5 33.
Rxd4 Rxb2 34. R4d2 Rxd2 35. Rxd2 Ra8 36. Kg2 a4 37. Kf3 a3 38. Ra2 Kg8 39. Ke4
Kf7 40. Ke5 Ra5+ 41. Ke4 Kf6 42. Kf4 Ra4+ 43. Ke3 Kf5 44. Kf3 g5 45. Kg3 Ke4
46. Kg4 Kd3+ 47. Kh5 Ra6 48. h4 gxh4 49. Kxh4 Kc3 50. Kh5 Kb3 51. Ra1 Kb2 52.
Re1 a2 53. Re2+ Kb1 54. Re1+ Kc2 55. f4 a1=Q 56. Rxa1 Rxa1 57. Kxh6 Rf1 58. Kg5
Kd3 59. f5 Ke4 0-1

[Event "33. Open Ciudad de San Sebastian"]
[Site "San Sebastián ESP"]
[Date "2010.04.03"]
[Round "8.46"]
[White "Buiza Prieto, Aizbeltz"]
[Black "Thomassen, Thomas"]
[Result "1-0"]
[WhiteElo "1812"]
[BlackElo "2041"]
[PlyCount "95"]
[EventDate "2010.03.28"]
[EventType "swiss"]
[EventRounds "9"]
[EventCountry "ESP"]
[Source "lmi"]
[SourceDate "2010.03.28"]

1. d4 Nf6 2. c4 g6 3. Nc3 Bg7 4. e4 d6 5. f3 O-O 6. Be3 a6 7. Bd3 Nbd7 8. Nge2
c5 9. Qd2 b6 10. Bh6 cxd4 11. Nxd4 Bb7 12. h4 Ne5 13. Be2 e6 14. g4 Nfd7 15.
Bxg7 Kxg7 16. f4 Nc6 17. Nxc6 Bxc6 18. Qxd6 Rc8 19. Qd4+ Nf6 20. O-O-O Qxd4 21.
Rxd4 h5 22. g5 Nd7 23. Rhd1 Nc5 24. e5 a5 25. b3 Rc7 26. Kb2 Rfc8 27. a3 Na6
28. Rd8 Nc5 29. Rxc8 Rxc8 30. Rd4 Kf8 31. b4 Na4+ 32. Nxa4 Bxa4 33. Rd6 Rb8 34.
b5 Ke7 35. Kc3 Rb7 36. Bf3 Rb8 37. Bc6 Kf8 38. Rd7 Kg8 39. Ra7 Kf8 40. Ra8 Rxa8
41. Bxa8 Ke7 42. Bc6 Kd8 43. Kd4 Bc2 44. c5 Kc7 45. Be8 Bf5 46. Bxf7 Kb7 47.
Be8 Kc7 48. Bc6 1-0

[Event "33. Open Ciudad de San Sebastian"]
[Site "San Sebastián ESP"]
[Date "2010.04.03"]
[Round "8.48"]
[White "Miguelez Garcia, Erlantz"]
[Black "Iglesias Gonzalez, Veronica"]
[Result "1-0"]
[WhiteElo "1958"]
[BlackElo "1803"]
[PlyCount "61"]
[EventDate "2010.03.28"]
[EventType "swiss"]
[EventRounds "9"]
[EventCountry "ESP"]
[Source "lmi"]
[SourceDate "2010.03.28"]

1. e4 e5 2. Nf3 d6 3. Bc4 Bg4 4. d3 Bxf3 5. Qxf3 Nf6 6. Bg5 Be7 7. Nd2 c6 8. c3
Nbd7 9. a4 h6 10. Be3 Nb6 11. Bb3 d5 12. a5 d4 13. axb6 dxe3 14. Qxe3 axb6 15.
Rxa8 Qxa8 16. O-O Bc5 17. Qg3 O-O 18. Qxe5 Qd8 19. d4 Re8 20. Qf5 Bf8 21. Re1
b5 22. Re3 g6 23. Qxg6+ Kh8 24. Bxf7 Re7 25. Qxf6+ Bg7 26. Qg6 Qf8 27. Rf3 Qa8
28. Nf1 Rd7 29. Be6 Re7 30. Bf5 Bf8 31. Qf6+ 1-0

[Event "33. Open Ciudad de San Sebastian"]
[Site "San Sebastián ESP"]
[Date "2010.04.03"]
[Round "8.49"]
[White "Bas Mas, Miguel"]
[Black "Perez Cameselle, Francisco"]
[Result "1/2-1/2"]
[WhiteElo "1801"]
[BlackElo "1958"]
[PlyCount "69"]
[EventDate "2010.03.28"]
[EventType "swiss"]
[EventRounds "9"]
[EventCountry "ESP"]
[Source "lmi"]
[SourceDate "2010.03.28"]

1. e4 e6 2. d4 d5 3. exd5 exd5 4. Bd3 Bd6 5. Nf3 Ne7 6. O-O O-O 7. c3 Nbc6 8.
Qc2 h6 9. Nbd2 Bg4 10. b3 Qc8 11. Bb2 Bf5 12. Bxf5 Qxf5 13. Qxf5 Nxf5 14. Rfe1
Rfe8 15. h3 a5 16. a4 Kf8 17. Kf1 Rxe1+ 18. Rxe1 Re8 19. Rxe8+ Kxe8 20. Ke2 h5
21. Nb1 Nce7 22. Ba3 f6 23. g3 c6 24. c4 Bxa3 25. Nxa3 Nd6 26. Nd2 g5 27. c5
Ndf5 28. Nc2 h4 29. Nf1 Kf7 30. Kf3 Kg6 31. Nfe3 Kh6 32. Kg4 Kg6 33. Kf3 Kh6
34. Kg4 Kg6 35. Kf3 1/2-1/2

[Event "33. Open Ciudad de San Sebastian"]
[Site "San Sebastián ESP"]
[Date "2010.04.03"]
[Round "8.50"]
[White "Navarro Vallejo, Jonathan"]
[Black "Etxeberria Iriondo, Sabino"]
[Result "0-1"]
[WhiteElo "1795"]
[BlackElo "1958"]
[PlyCount "49"]
[EventDate "2010.03.28"]
[EventType "swiss"]
[EventRounds "9"]
[EventCountry "ESP"]
[Source "lmi"]
[SourceDate "2010.03.28"]

1. e4 e5 2. Nf3 Nc6 3. Bb5 Nf6 4. O-O Ng4 5. d3 Bc5 6. Bg5 f6 7. Bh4 a6 8. Bxc6
dxc6 9. h3 g5 10. Bg3 Nh6 11. Nbd2 Be6 12. Nc4 Qe7 13. Na5 O-O-O 14. c4 Bb6 15.
Qa4 Rxd3 16. Nxc6 Qe8 17. Qc2 Rxf3 18. gxf3 Qxc6 19. Rfc1 Bd4 20. Kh2 Nf7 21.
Rab1 Bd7 22. b4 Qe6 23. Kh1 Qxh3+ 24. Bh2 Qxf3+ 25. Kg1 0-1

[Event "33. Open Ciudad de San Sebastian"]
[Site "San Sebastián ESP"]
[Date "2010.04.03"]
[Round "8.51"]
[White "Espin Laborde, Jesus Maria"]
[Black "Severri Arrese, Carlos"]
[Result "0-1"]
[WhiteElo "1796"]
[BlackElo "1925"]
[PlyCount "60"]
[EventDate "2010.03.28"]
[EventType "swiss"]
[EventRounds "9"]
[EventCountry "ESP"]
[Source "lmi"]
[SourceDate "2010.03.28"]

1. e4 c5 2. Nf3 b6 3. Nc3 Bb7 4. d4 cxd4 5. Nxd4 a6 6. g3 e6 7. Bg2 Nf6 8. O-O
d6 9. a4 Nbd7 10. Nb3 Be7 11. a5 b5 12. f4 b4 13. Na4 Bxe4 14. Bxe4 Nxe4 15.
Qe2 d5 16. Be3 O-O 17. Nb6 Rc8 18. Nxc8 Qxc8 19. Bd4 Qc4 20. Qd3 Rc8 21. Rac1
Nd6 22. Qxc4 dxc4 23. Nd2 Nb5 24. c3 b3 25. Kg2 Nf6 26. Kf3 Nd5 27. Rcd1 Nxd4+
28. cxd4 Bb4 29. Nb1 f5 30. Rf2 h6 0-1

[Event "33. Open Ciudad de San Sebastian"]
[Site "San Sebastián ESP"]
[Date "2010.04.03"]
[Round "8.52"]
[White "Cantabrana Garona, Alejandro"]
[Black "Kopischke, Maik"]
[Result "1/2-1/2"]
[WhiteElo "1780"]
[BlackElo "1911"]
[PlyCount "82"]
[EventDate "2010.03.28"]
[EventType "swiss"]
[EventRounds "9"]
[EventCountry "ESP"]
[Source "lmi"]
[SourceDate "2010.03.28"]

1. d4 Nf6 2. Nd2 d5 3. Ngf3 Bf5 4. e3 e6 5. c4 c6 6. Be2 Nbd7 7. b3 h6 8. Bb2
Bd6 9. Ne5 Ne4 10. O-O O-O 11. Nxd7 Qxd7 12. f4 Qe7 13. Nf3 a5 14. a3 Rfe8 15.
Qe1 Nf6 16. Ne5 Bxe5 17. dxe5 Ne4 18. g4 Bh7 19. a4 c5 20. cxd5 exd5 21. Rd1
Red8 22. Bd3 b6 23. f5 Qg5 24. Rf4 Rac8 25. h4 Qe7 26. Bxe4 dxe4 27. Rxd8+ Qxd8
28. Qg3 Qd1+ 29. Kh2 Rd8 30. e6 Rd2+ 31. Rf2 Rxf2+ 32. Qxf2 Qd6+ 33. Qg3 Qxg3+
34. Kxg3 fxe6 35. fxe6 Kf8 36. Kf4 Ke7 37. Bxg7 Bg8 38. Bxh6 Bxe6 39. Bg7 Bxb3
40. Kxe4 Bxa4 41. h5 Bc6+ 1/2-1/2

[Event "33. Open Ciudad de San Sebastian"]
[Site "San Sebastián ESP"]
[Date "2010.04.03"]
[Round "8.53"]
[White "Nortes Hernandez, Pedro"]
[Black "Aguado Zabaleta, Felix"]
[Result "1-0"]
[WhiteElo "1896"]
[BlackElo "1775"]
[PlyCount "57"]
[EventDate "2010.03.28"]
[EventType "swiss"]
[EventRounds "9"]
[EventCountry "ESP"]
[Source "lmi"]
[SourceDate "2010.03.28"]

1. e4 e6 2. d4 d5 3. Nc3 Bb4 4. e5 Ne7 5. Qg4 O-O 6. Bg5 c5 7. Bf6 g6 8. a3
Bxc3+ 9. bxc3 c4 10. Qg5 Re8 11. g4 Nd7 12. h4 Nxf6 13. exf6 Nc6 14. f4 Qd6 15.
h5 e5 16. f5 exd4+ 17. Kd1 h6 18. Qxh6 Qxf6 19. hxg6 fxg6 20. Bg2 Ne7 21. g5
Qxf5 22. Qh8+ Kf7 23. Rh7+ Ke6 24. Qxe8 Qg4+ 25. Nf3 Qxg2 26. Qf7+ Kd6 27.
Qxe7+ Kc6 28. Nxd4+ Kb6 29. Qb4+ 1-0

[Event "33. Open Ciudad de San Sebastian"]
[Site "San Sebastián ESP"]
[Date "2010.04.03"]
[Round "8.54"]
[White "Ciruelos Clerencia, Juan Manuel"]
[Black "Garro Beraza, Julen"]
[Result "0-1"]
[WhiteElo "1773"]
[BlackElo "1881"]
[PlyCount "62"]
[EventDate "2010.03.28"]
[EventType "swiss"]
[EventRounds "9"]
[EventCountry "ESP"]
[Source "lmi"]
[SourceDate "2010.03.28"]

1. e4 c5 2. d4 cxd4 3. c3 dxc3 4. Nxc3 Nc6 5. Nf3 e6 6. Bc4 a6 7. a4 Nge7 8.
O-O Ng6 9. Qe2 Be7 10. Rd1 O-O 11. Be3 b6 12. Qd2 Qc7 13. Rac1 Qb7 14. Qe2 Rd8
15. h3 Rb8 16. Kh1 Bc5 17. Bxc5 bxc5 18. Ng5 d6 19. Qh5 Nf8 20. f4 Qe7 21. Rd2
Na5 22. Ba2 Nb3 23. Bxb3 Rxb3 24. Rcd1 g6 25. Qh6 Rb6 26. e5 f5 27. exd6 Rbxd6
28. Rxd6 Rxd6 29. Rxd6 Qxd6 30. Nxh7 Nxh7 31. Qxg6+ Kh8 0-1

[Event "33. Open Ciudad de San Sebastian"]
[Site "San Sebastián ESP"]
[Date "2010.04.03"]
[Round "8.56"]
[White "Fuente San Sebastian, Ernesto"]
[Black "Moreno Romero, Ernesto"]
[Result "1-0"]
[WhiteElo "1897"]
[BlackElo "1739"]
[PlyCount "49"]
[EventDate "2010.03.28"]
[EventType "swiss"]
[EventRounds "9"]
[EventCountry "ESP"]
[Source "lmi"]
[SourceDate "2010.03.28"]

1. e4 c5 2. Nf3 e6 3. d4 cxd4 4. Nxd4 d6 5. Nc3 a6 6. Be3 Nc6 7. f4 Be7 8. Qf3
Bd7 9. O-O-O Nf6 10. g4 Nxd4 11. Bxd4 e5 12. fxe5 Bxg4 13. Qg3 dxe5 14. Qxe5
Bxd1 15. Nxd1 O-O 16. c3 Re8 17. Rg1 g6 18. Ne3 Rc8 19. Nd5 Kg7 20. Bh3 Rc6 21.
Rf1 Qd6 22. Nxf6 Qxe5 23. Nxe8+ Kf8 24. Bxe5 Kxe8 25. Rd1 1-0

[Event "33. Open Ciudad de San Sebastian"]
[Site "San Sebastián ESP"]
[Date "2010.04.03"]
[Round "8.60"]
[White "Lazkano Gaite, Tomas"]
[Black "Campos Urbaneja, Ricardo"]
[Result "1-0"]
[WhiteElo "1741"]
[BlackElo "1547"]
[PlyCount "135"]
[EventDate "2010.03.28"]
[EventType "swiss"]
[EventRounds "9"]
[EventCountry "ESP"]
[Source "lmi"]
[SourceDate "2010.03.28"]

1. d4 d5 2. Nf3 Nf6 3. c4 c6 4. Bg5 e6 5. Nc3 Be7 6. e3 Nbd7 7. cxd5 exd5 8.
Bd3 Ne4 9. Bxe7 Qxe7 10. Nd2 Ndf6 11. Ndxe4 dxe4 12. Be2 O-O 13. O-O Rd8 14.
Qa4 Bf5 15. b4 b5 16. Qb3 a5 17. a3 a4 18. Qc2 Rac8 19. Rac1 Qe6 20. Rfd1 Bg4
21. Qb1 Bxe2 22. Nxe2 Nd5 23. Rc5 f6 24. Qc2 g5 25. Ng3 f5 26. Rc1 Rd6 27. Rxb5
f4 28. Nxe4 Rdd8 29. Rc5 fxe3 30. fxe3 Nxe3 31. Rxg5+ Kh8 32. Qd3 Nf5 33. Nc5
Qe3+ 34. Qxe3 Nxe3 35. Ne6 Re8 36. Nf4 Re4 37. Ne2 Nc4 38. Rxc4 Rxe2 39. Rgc5
Rf8 40. h3 Rg8 41. g4 Rf8 42. Rf5 Rxf5 43. gxf5 Re3 44. Rxc6 Rxa3 45. f6 Kg8
46. Ra6 Rd3 47. Rxa4 Rxd4 48. Kg2 Kf7 49. Ra7+ Kxf6 50. b5 Kg6 51. Ra3 Rd2+ 52.
Kf3 Rb2 53. Ra5 Kg5 54. Ke4 Kh4 55. Kd5 h5 56. Kc5 Kxh3 57. b6 h4 58. Rb5 Rc2+
59. Kd6 Rc8 60. Ke5 Kg3 61. Rb3+ Kg2 62. b7 Rb8 63. Kf4 h3 64. Rb2+ Kg1 65. Kg3
Rg8+ 66. Kxh3 Rh8+ 67. Kg4 Rg8+ 68. Kf5 1-0

[Event "33. Open Ciudad de San Sebastian"]
[Site "San Sebastián ESP"]
[Date "2010.04.03"]
[Round "8.62"]
[White "Veras Sanz, Jose Antonio"]
[Black "Benson, Nicola"]
[Result "1-0"]
[WhiteElo "1712"]
[BlackElo "1377"]
[PlyCount "25"]
[EventDate "2010.03.28"]
[EventType "swiss"]
[EventRounds "9"]
[EventCountry "ESP"]
[Source "lmi"]
[SourceDate "2010.03.28"]

1. e4 d5 2. exd5 Nf6 3. Nf3 Nxd5 4. d4 g6 5. c4 Nb6 6. Nc3 Bg7 7. c5 Nd5 8. Bc4
Be6 9. Qb3 Nc6 10. Bxd5 O-O 11. Bxe6 Nxd4 12. Nxd4 Qxd4 13. Be3 1-0

[Event "33. Open Ciudad de San Sebastian"]
[Site "San Sebastián ESP"]
[Date "2010.04.04"]
[Round "9.1"]
[White "Alsina Leal, Daniel"]
[Black "Gleizerov, Evgeny"]
[Result "1/2-1/2"]
[WhiteElo "2548"]
[BlackElo "2565"]
[PlyCount "55"]
[EventDate "2010.03.28"]
[EventType "swiss"]
[EventRounds "9"]
[EventCountry "ESP"]
[Source "lmi"]
[SourceDate "2010.03.28"]

1. e4 e6 2. d4 d5 3. Nc3 Nf6 4. e5 Nfd7 5. f4 c5 6. Nf3 Qb6 7. Be3 a6 8. a3 Qa7
9. Qd2 Nc6 10. dxc5 Bxc5 11. Bxc5 Qxc5 12. Bd3 b5 13. b4 Qb6 14. Qf2 Qxf2+ 15.
Kxf2 Nb6 16. Rhe1 Bd7 17. Ne2 g6 18. Ned4 Nxd4 19. Nxd4 h5 20. Nb3 Ke7 21. g3
Bc6 22. Nd4 Rac8 23. h3 Bd7 24. Rh1 Rc3 25. Ne2 Rcc8 26. Nd4 Rc3 27. Ne2 Rcc8
28. Nd4 1/2-1/2

[Event "33. Open Ciudad de San Sebastian"]
[Site "San Sebastián ESP"]
[Date "2010.04.04"]
[Round "9.2"]
[White "Tratar, Marko"]
[Black "Korneev, Oleg"]
[Result "1/2-1/2"]
[WhiteElo "2486"]
[BlackElo "2558"]
[PlyCount "31"]
[EventDate "2010.03.28"]
[EventType "swiss"]
[EventRounds "9"]
[EventCountry "ESP"]
[Source "lmi"]
[SourceDate "2010.03.28"]

1. Nf3 d5 2. d4 Nf6 3. c4 dxc4 4. e3 Bg4 5. Bxc4 e6 6. h3 Bh5 7. Nc3 a6 8. Be2
Nc6 9. O-O Bd6 10. b3 O-O 11. Bb2 Qe7 12. Ne5 Bxe2 13. Nxc6 Bxd1 14. Nxe7+ Bxe7
15. Rfxd1 Rfd8 16. Kf1 1/2-1/2

[Event "33. Open Ciudad de San Sebastian"]
[Site "San Sebastián ESP"]
[Date "2010.04.04"]
[Round "9.3"]
[White "Cabrera, Alexis"]
[Black "Alvarez Pedraza, Aramis"]
[Result "0-1"]
[WhiteElo "2533"]
[BlackElo "2486"]
[PlyCount "72"]
[EventDate "2010.03.28"]
[EventType "swiss"]
[EventRounds "9"]
[EventCountry "ESP"]
[Source "lmi"]
[SourceDate "2010.03.28"]

1. e4 c5 2. Nf3 e6 3. d4 cxd4 4. Nxd4 a6 5. Be2 Nf6 6. Nc3 Qc7 7. O-O Bc5 8.
Bg5 Nc6 9. Nxc6 dxc6 10. Kh1 e5 11. Qd3 Be7 12. f4 h6 13. Bxf6 Bxf6 14. f5 O-O
15. a4 Rd8 16. Qg3 Qb6 17. Bc4 Bd7 18. Bb3 Be8 19. Nd1 Rd4 20. Nf2 Kf8 21. Ng4
Rxe4 22. Rae1 Qb4 23. h3 Rd8 24. Rxe4 Qxe4 25. Qf2 Qd4 26. Qe1 c5 27. Qg3 c4
28. Ba2 Bc6 29. Nxf6 gxf6 30. Kh2 Qe4 31. Qa3+ Kg7 32. Rf3 Rd2 33. Rf2 Qxg2+
34. Rxg2+ Rxg2+ 35. Kh1 Rg3+ 36. Kh2 Rxa3 0-1

[Event "33. Open Ciudad de San Sebastian"]
[Site "San Sebastián ESP"]
[Date "2010.04.04"]
[Round "9.4"]
[White "Andonov, Bogomil"]
[Black "Spraggett, Kevin"]
[Result "0-1"]
[WhiteElo "2304"]
[BlackElo "2580"]
[PlyCount "74"]
[EventDate "2010.03.28"]
[EventType "swiss"]
[EventRounds "9"]
[EventCountry "ESP"]
[Source "lmi"]
[SourceDate "2010.03.28"]

1. Nf3 Nf6 2. c4 g6 3. Nc3 Bg7 4. e4 d6 5. d4 O-O 6. h3 c6 7. Be3 Na6 8. g3 e5
9. Bg2 exd4 10. Nxd4 Re8 11. Nde2 Qe7 12. g4 Nc5 13. Ng3 Nfd7 14. Rc1 Ne5 15.
Bf1 a5 16. f4 Ned7 17. Bg2 Nb6 18. b3 a4 19. O-O axb3 20. axb3 Ra3 21. Nge2
Nbd7 22. Rb1 Nf6 23. Bxc5 dxc5 24. e5 Nd7 25. Qc1 Ra8 26. g5 h6 27. h4 hxg5 28.
hxg5 Nxe5 29. fxe5 Bxe5 30. Ne4 Ra2 31. N2g3 Bd4+ 32. Nf2 Be3 33. Qd1 Rxf2 34.
Rxf2 Bxf2+ 35. Kxf2 Qe3+ 36. Kf1 Qxg3 37. Qd2 Bf5 0-1

[Event "33. Open Ciudad de San Sebastian"]
[Site "San Sebastián ESP"]
[Date "2010.04.04"]
[Round "9.5"]
[White "Movsziszian, Karen"]
[Black "Pogorelov, Ruslan"]
[Result "1/2-1/2"]
[WhiteElo "2530"]
[BlackElo "2486"]
[PlyCount "140"]
[EventDate "2010.03.28"]
[EventType "swiss"]
[EventRounds "9"]
[EventCountry "ESP"]
[Source "lmi"]
[SourceDate "2010.03.28"]

1. g3 Nf6 2. Bg2 d5 3. Nf3 c5 4. O-O e6 5. c4 dxc4 6. Na3 Nc6 7. Nxc4 Be7 8. d3
O-O 9. a3 Nd5 10. Re1 b5 11. Nce5 Nxe5 12. Nxe5 Bb7 13. Qb3 a6 14. Bd2 Qc7 15.
Nf3 Rac8 16. Rac1 Qb8 17. h4 Nf6 18. Bg5 h6 19. Bxf6 Bxf6 20. Nd2 Bxg2 21. Kxg2
Qb7+ 22. Kg1 Qd5 23. Qc2 Be7 24. a4 Rfd8 25. axb5 axb5 26. b3 f5 27. Ra1 f4 28.
Ra5 Rb8 29. Rf1 Rf8 30. Ne4 Qf5 31. Ra7 Bxh4 32. Qxc5 Qg6 33. Qe5 Rbe8 34. Kg2
Rf5 35. Qd6 Ref8 36. Rh1 fxg3 37. f3 Bg5 38. Ra6 Rc8 39. Qxe6+ Qxe6 40. Rxe6
Bf4 41. Nxg3 Rg5 42. Rh3 Rc3 43. b4 Be5 44. f4 Bxf4 45. Kf3 Bxg3 46. Rxg3 Rxg3+
47. Kxg3 Rb3 48. Re4 Kf7 49. Kf4 Kf6 50. Rd4 h5 51. Rd6+ Ke7 52. Rb6 Rxb4+ 53.
Ke5 Rg4 54. Rb7+ Kd8 55. e4 h4 56. d4 Rg5+ 57. Kf4 Rh5 58. Rxg7 h3 59. Rg1 h2
60. Rh1 b4 61. Ke3 Rh3+ 62. Kd2 Kd7 63. Kc2 Ke6 64. Kb2 Kf6 65. Ka2 Kg5 66. d5
Kf6 67. d6 Ke6 68. e5 Kxe5 69. d7 Rd3 70. Rxh2 Rxd7 1/2-1/2

[Event "33. Open Ciudad de San Sebastian"]
[Site "San Sebastián ESP"]
[Date "2010.04.04"]
[Round "9.6"]
[White "Alonso Rosell, Alvar"]
[Black "Ledger, Andrew J"]
[Result "1/2-1/2"]
[WhiteElo "2509"]
[BlackElo "2431"]
[PlyCount "57"]
[EventDate "2010.03.28"]
[EventType "swiss"]
[EventRounds "9"]
[EventCountry "ESP"]
[Source "lmi"]
[SourceDate "2010.03.28"]

1. d4 d5 2. c4 c6 3. Nf3 Nf6 4. Nc3 dxc4 5. a4 Na6 6. e4 Bg4 7. Bxc4 Bxf3 8.
gxf3 e6 9. Be3 Nb4 10. O-O Qa5 11. Kh1 Be7 12. Rg1 g6 13. Qe2 O-O 14. Rg5 Qc7
15. Rag1 c5 16. dxc5 a6 17. Bb3 Nd7 18. Rh5 Nf6 19. Rh3 Bxc5 20. Bg5 Nd7 21. f4
Rfe8 22. e5 Qc6+ 23. Ne4 Bxf2 24. Rg2 Bd4 25. Qe1 Rec8 26. Nc3 Nc5 27. Rxh7
Nbd3 28. Qh4 Nf2+ 29. Kg1 1/2-1/2

[Event "33. Open Ciudad de San Sebastian"]
[Site "San Sebastián ESP"]
[Date "2010.04.04"]
[Round "9.7"]
[White "San Segundo Carrillo, Pablo"]
[Black "Piasetski, Leon"]
[Result "1-0"]
[WhiteElo "2534"]
[BlackElo "2280"]
[PlyCount "51"]
[EventDate "2010.03.28"]
[EventType "swiss"]
[EventRounds "9"]
[EventCountry "ESP"]
[Source "lmi"]
[SourceDate "2010.03.28"]

1. d4 Nf6 2. c4 g6 3. Nc3 Bg7 4. e4 d6 5. Nf3 O-O 6. Be2 e5 7. O-O Na6 8. Re1
Qe8 9. Bg5 h6 10. Bxf6 Bxf6 11. c5 Kg7 12. Nd5 Bd8 13. Bxa6 bxa6 14. dxe5 dxe5
15. c6 Qxc6 16. Nxe5 Qb7 17. Rc1 Qxb2 18. Nc6 Be6 19. Rc2 Qa3 20. Qd4+ Kh7 21.
e5 Bxd5 22. Qxd5 Qa4 23. Rc3 Bg5 24. h4 Bd8 25. Rf3 Kg7 26. e6 1-0

[Event "33. Open Ciudad de San Sebastian"]
[Site "San Sebastián ESP"]
[Date "2010.04.04"]
[Round "9.9"]
[White "Llaneza Vega, Marcos"]
[Black "Collins, Sam E"]
[Result "1-0"]
[WhiteElo "2514"]
[BlackElo "2401"]
[PlyCount "101"]
[EventDate "2010.03.28"]
[EventType "swiss"]
[EventRounds "9"]
[EventCountry "ESP"]
[Source "lmi"]
[SourceDate "2010.03.28"]

1. e4 e5 2. Nf3 Nc6 3. Bb5 a6 4. Ba4 Nf6 5. O-O Be7 6. Re1 b5 7. Bb3 d6 8. c3
O-O 9. d4 Bg4 10. d5 Na5 11. Bc2 c6 12. h3 Bc8 13. dxc6 Qc7 14. Nbd2 Qxc6 15.
Nf1 h6 16. a4 Be6 17. Ng3 Rfc8 18. Nh4 Kh7 19. Nhf5 Bf8 20. Nd4 Qb7 21. Nxe6
fxe6 22. b3 Qc7 23. Bd2 Nc6 24. Bd3 Qb7 25. axb5 axb5 26. Qe2 Rxa1 27. Rxa1 Rb8
28. b4 Be7 29. Nh5 Nxh5 30. Qxh5 Bd8 31. Be3 Bb6 32. Bxb6 Qxb6 33. Qf7 Nd8 34.
Qa7 Nc6 35. Qd7 Kh8 36. Qxd6 Rd8 37. Qxe6 Rxd3 38. Ra8+ Rd8 39. Rxd8+ Qxd8 40.
Qxc6 Qb8 41. g3 Kh7 42. Kg2 Kh8 43. c4 bxc4 44. Qxc4 Kh7 45. b5 Qd6 46. Qd5 Qe7
47. b6 Qb4 48. b7 Qb1 49. Qc6 Qb4 50. Qc8 Qxe4+ 51. Kh2 1-0

[Event "33. Open Ciudad de San Sebastian"]
[Site "San Sebastián ESP"]
[Date "2010.04.04"]
[Round "9.10"]
[White "Barria Zuniga, Daniel"]
[Black "Jakobsen, Ole"]
[Result "1/2-1/2"]
[WhiteElo "2435"]
[BlackElo "2332"]
[PlyCount "46"]
[EventDate "2010.03.28"]
[EventType "swiss"]
[EventRounds "9"]
[EventCountry "ESP"]
[Source "lmi"]
[SourceDate "2010.03.28"]

1. d4 Nf6 2. c4 e6 3. Nf3 d5 4. Nc3 Bb4 5. Qa4+ Nc6 6. e3 O-O 7. Bd2 dxc4 8.
Bxc4 a6 9. O-O Bd7 10. Qc2 Bd6 11. Ne4 Nxe4 12. Qxe4 Qe7 13. a3 Kh8 14. Bc3
Rad8 15. Rad1 f5 16. Qc2 e5 17. dxe5 Nxe5 18. Nxe5 Bxe5 19. Bxe5 Qxe5 20. Rd5
Qe7 21. Rfd1 Bc8 22. Rxd8 Rxd8 23. Rxd8+ Qxd8 1/2-1/2